[Event "15th HZ Open"]
[Site "Vlissingen NED"]
[Date "2011.07.31"]
[Round "3"]
[White "Grashuis,Aldert-jan"]
[Black "Von Meijenfeldt,Bart"]
[Result "0-1"]
[WhiteElo "1919"]
[BlackElo "2154"]

1.e4 c5 2.Nf3 d6 3.d4 cxd4 4.Nxd4 Nf6 5.Nc3 a6 6.g3 e5 7.Nde2 Be7 8.Bg2 O-O
9.Nd5 Nxd5 10.Qxd5 Nd7 11.Be3 Nf6 12.Qd2 b5 13.O-O Bb7 14.Nc3 Rc8 15.a3 Rc4
16.Qd3 Qc7 17.Bg5 Ng4 18.Bxe7 Qxe7 19.Qe2 Nf6 20.Rfd1 Rfc8 21.Rd2 b4 22.Na4 Nxe4
23.Nb6 Nxd2 24.Nxc8 Rxc8 25.Bxb7 Qxb7 26.Qxd2 bxa3 27.bxa3 d5 28.Rd1 d4 29.Qe2 Qb5
30.Qe4 f6 31.f4 Qc6 32.Qxc6 Rxc6 33.fxe5 fxe5 34.Rd2 Kf7  0-1

[Event "Politiken Cup"]
[Site "Helsingor DEN"]
[Date "2011.08.01"]
[Round "4.41"]
[White "Finnlaugsson,G"]
[Black "Ochsner,B"]
[Result "0-1"]
[WhiteElo "2072"]
[BlackElo "2258"]

1.e4 c5 2.Nf3 d6 3.d4 cxd4 4.Nxd4 Nf6 5.Nc3 a6 6.g3 e5 7.Nde2 Nbd7 8.Bg2 b6
9.h3 Bb7 10.g4 Nc5 11.Ng3 Be7 12.O-O O-O 13.f4 exf4 14.Bxf4 Re8 15.Qd2 Qc7
16.Rad1 Red8 17.Rfe1 Ne6 18.Be3 d5 19.exd5 Qxg3 20.Qf2 Bd6 21.dxe6 Qh2+ 22.Kf1 Bg3
23.exf7+ Kxf7 24.Qe2 Bxg2+ 25.Qxg2 Qxg2+ 26.Kxg2 Bxe1 27.Rxe1 b5 28.a3 Rac8
29.Kf3 Rc4 30.Re2 Nd7 31.Bg5 Re8 32.Rxe8 Kxe8 33.Bf4 Kf7  0-1

[Event "15th HZ Open"]
[Site "Vlissingen NED"]
[Date "2011.08.01"]
[Round "4"]
[White "Deepan,C"]
[Black "Bezemer,A"]
[Result "1-0"]
[WhiteElo "2470"]
[BlackElo "2348"]

1.e4 c5 2.Nf3 d6 3.d4 cxd4 4.Nxd4 Nf6 5.Nc3 a6 6.g3 e5 7.Nb3 Be7 8.Bg2 b5
9.O-O Nbd7 10.Bd2 Nb6 11.Na5 Qc7 12.a4 Nc4 13.Nxc4 bxc4 14.b4 h6 15.Qe2 O-O
16.Rfb1 Bg4 17.Bf3 Be6 18.Be3 Rfd8 19.b5 axb5 20.axb5 Rxa1 21.Rxa1 Rb8 22.Ra7 Rb7
23.b6 Qc6 24.Qd1 Bd8 25.Rxb7 Qxb7 26.Qxd6 Nd7 27.Na4 Qa6 28.Qc6 Nf6 29.Kg2 Bd7
30.Qd6 Kh7 31.Nc3 Qc8 32.h4 Qb7 33.Nd5 Ne8 34.Qxe5 Bc6 35.h5 Nf6 36.Nxf6+ gxf6
37.Qf4 Bxb6 38.Qxh6+ Kg8 39.Bxb6  1-0

[Event "ITT Ciudad de Villa Martelli"]
[Site "Villa Martelli ARG"]
[Date "2011.08.07"]
[Round "7"]
[White "Saldano Dayer,H"]
[Black "Mayorga,N"]
[Result "1/2-1/2"]
[WhiteElo "2428"]
[BlackElo "2330"]

1.e4 c5 2.Nf3 d6 3.d4 cxd4 4.Nxd4 Nf6 5.Nc3 a6 6.g3 e5 7.Nb3 Be7 8.Bg2 O-O
9.O-O Be6 10.Re1 Nbd7 11.a4 Rc8 12.Nd2 Nb6 13.a5 Nc4 14.Nxc4 Rxc4 15.Be3 Qd7
16.Nd5 Nxd5 17.exd5 Bh3 18.b3 Rcc8 19.c4 Bxg2 20.Kxg2 f5 21.f4 Bf6 22.Ra2 exf4
23.Bxf4 g5 24.Bc1 Qg7 25.Re6 Be5 26.Qh5 f4 27.gxf4 Bxf4 28.Bb2 Qf7 29.Qxf7+ Rxf7
30.Bd4 g4 31.Rae2 h5 32.Bf2 Be5 33.c5 Rxf2+ 34.Kxf2 Rxc5 35.R2xe5 dxe5 36.d6 Rd5
37.b4 Kf7 38.Re7+ Kf6 39.Rxb7 Rxd6 40.Rb6 Ke6 41.Rb8 Rd2+ 42.Kg3 Rd3+ 43.Kf2 Kf5
44.Rf8+ Kg5 45.Re8 Rd2+ 46.Kg1 Re2 47.b5 axb5 48.a6 Ra2 49.Rxe5+ Kg6 50.Rxb5 Rxa6
51.h4 Ra2 52.Rg5+ Kh6 53.Rb5 Ra3 54.Kg2 Rh3 55.Rb6+ Kg7 56.Rb5 Rxh4 57.Rb3 Kf6
58.Ra3 Ke5 59.Rb3 Kf4 60.Rb4+ Ke3 61.Rb3+ Kd2 62.Ra3  1/2-1/2

[Event "Sakkozo Magyarok World Meeting"]
[Site "Lakitelek HUN"]
[Date "2011.08.08"]
[Round "4.31"]
[White "Adzic,Anna"]
[Black "Feher,Ti"]
[Result "1-0"]
[WhiteElo "1531"]
[BlackElo "1807"]

1.e4 c5 2.Nf3 d6 3.d4 cxd4 4.Nxd4 Nf6 5.Nc3 a6 6.g3 Nc6 7.Bg2 e5 8.Nde2 Be7
9.O-O O-O 10.h3 Be6 11.Be3 Qd7 12.Kh2 Nd8 13.Nd5 Nxd5 14.exd5 Bf5 15.c4 Rc8
16.b3 Bg6 17.f4 Bf6 18.Rc1 exf4 19.Nxf4 Re8 20.Qd2 Bg5 21.Rce1 Be4 22.Nh5 Bxg2
23.Kxg2 Bxe3 24.Rxe3 Rxe3 25.Qxe3 f6 26.Re1 Nf7 27.Qe6 Qxe6 28.Rxe6 Kf8 29.a4 b5
30.cxb5 axb5 31.a5 b4 32.Re4 Rc5 33.Rxb4 Rxd5 34.a6 Rd2+ 35.Kf1 Ra2 36.Rb8+ Ke7
37.Rb7+ Kf8 38.a7 Nd8 39.Rb8 Rxa7 40.Rxd8+ Ke7 41.Rb8 g6 42.Nf4 Ra2 43.Rb7+ Kf8
44.Rxh7 g5 45.Ne6+ Ke8 46.b4 Rb2 47.Rb7 Rb3 48.Kf2 d5 49.Nc7+ Kd7 50.Na6+ Kd6
51.Nc5 Rb2+ 52.Ke1 f5 53.Nd3 Rh2 54.Rg7 Rxh3 55.Rxg5 Rh1+ 56.Ke2 Ke6 57.Rg6+ Ke7
58.b5 Rb1 59.b6 Kf7 60.Rc6 Ke7 61.Ne5 Kd8 62.Rd6+ Ke7 63.Rh6 Kd8 64.b7 Rxb7
65.Rh8+ Kc7 66.Rh7+ Kb8 67.Rxb7+ Kxb7 68.Kd3 Kc7 69.Kd4 Kd6 70.Nd3 Ke6 71.Nf4+ Kf6
72.Kxd5 Kg5 73.Ke5 Kg4 74.Ne2 Kg5 75.Kd4 Kg4 76.Ke3 Kh5 77.Kf4 Kg6 78.Nd4 Kf6
79.Nxf5 Kg6 80.g4 Kf6 81.Nd4 Kg6 82.g5 Kg7 83.Kf5 Kf7 84.Nf3 Kg7 85.Ne5 Kg8
86.Kg6 Kh8 87.Kf7  1-0

[Event "9th ch-EU Youth U14"]
[Site "Mureck AUT"]
[Date "2011.08.08"]
[Round "6"]
[White "Zuest,L"]
[Black "Cusmuliuc,D"]
[Result "1/2-1/2"]
[WhiteElo "1815"]
[BlackElo "1695"]

1.e4 c5 2.Nf3 d6 3.d4 cxd4 4.Nxd4 Nf6 5.Nc3 a6 6.g3 e6 7.Bg2 Be7 8.O-O O-O
9.b3 Qc7 10.Bb2 Nc6 11.Nxc6 bxc6 12.Na4 Bb7 13.c4 Rfd8 14.Qe2 Nd7 15.Rac1 c5
16.h3 Bf6 17.f4 Bxb2 18.Nxb2 Nf6 19.Nd3 a5 20.a4 Rab8 21.g4 Bc6 22.Rc3 Rb6
23.g5 Nd7 24.Rd1 Ba8 25.Nc1 Nb8 26.Rcd3 Nc6 27.Qe3 Nd4 28.Ne2 Nc2 29.Qc1 Nb4
30.R3d2 Nc6 31.e5 Rxb3 32.Rxd6 Rbb8 33.Qd2 Rxd6 34.Qxd6 Qb6 35.Bxc6 Bxc6
36.Nc3 g6 37.Rb1 Qxb1+ 38.Nxb1 Rxb1+ 39.Kf2 Bxa4 40.Qxc5 Bb3 41.Qxa5 Bxc4
42.Qc3 Bd5 43.h4  1/2-1/2

[Event "50th World Juniors"]
[Site "Chennai IND"]
[Date "2011.08.09"]
[Round "7.61"]
[White "Krishna,P1"]
[Black "Sekar,B"]
[Result "0-1"]
[WhiteElo "2027"]
[BlackElo "2061"]

1.e4 c5 2.Nf3 d6 3.d4 cxd4 4.Nxd4 Nf6 5.Nc3 a6 6.g3 e5 7.Nde2 Be7 8.Bg2 O-O
9.a4 Be6 10.h3 Nc6 11.g4 Nb4 12.Bg5 Rc8 13.O-O h6 14.Bxf6 Bxf6 15.Ng3 g6
16.a5 Qc7 17.Bf3 Rfd8 18.Kg2 Bh4 19.Re1 Qc5 20.Re2 Bc4 21.Re1 Kg7 22.Na4 Qxa5
23.b3 Be6 24.c4 Qc7 25.Qd2 Nc6 26.Qe3 Nd4 27.Ne2 Nc2 28.Rh1  0-1

[Event "ZMDI GER-UKR"]
[Site "Dresden GER"]
[Date "2011.08.10"]
[Round "4"]
[White "Hoolt,S"]
[Black "Doluhanova,E"]
[Result "1/2-1/2"]
[WhiteElo "2314"]
[BlackElo "2227"]

1.e4 c5 2.Nf3 d6 3.d4 cxd4 4.Nxd4 Nf6 5.Nc3 a6 6.g3 e5 7.Nde2 Be7 8.Bg2 Nbd7
9.h3 h5 10.a4 b6 11.Bg5 Bb7 12.Ng1 Rc8 13.Qe2 Qc7 14.Nf3 O-O 15.Nh4 Rfe8
16.Nf5 Bf8 17.Rc1 Qc4 18.Qf3 d5 19.Bxf6 Nxf6 20.Nxd5 Bxd5 21.exd5 e4 22.Qe2 Qxd5
23.Ne3 Qd4 24.c3 Qxa4 25.O-O a5 26.Rfd1 Rcd8 27.Rd2 Rxd2 28.Qxd2 Qd7 29.Qc2 Bc5
30.Rd1 Qe6 31.Qd2 g6 32.b4 axb4 33.cxb4 Be7 34.Qc3 Rc8 35.Qb2 Rd8 36.Rxd8+ Bxd8
37.Qd4 Be7 38.Nc4 b5 39.Nd2 e3 40.fxe3 Bd6 41.Nf1 Kg7 42.Qd3 Qe5 43.Qd4 Qxd4
44.exd4 Bxb4 45.Bc6 Bc3 46.Bxb5 Bxd4+ 47.Kg2 Ne4 48.Bc6 f5 49.g4 h4 50.Nh2 Nd6
51.gxf5 gxf5 52.Nf3 Bf6 53.Bd5 Nb5 54.Kf2 Nc7 55.Bc4 Kg6 56.Ke2 Ne8 57.Bb5 Ng7
58.Ke3 Bg5+ 59.Kf2 Kf6 60.Bd7 Nh5 61.Nd4 f4 62.Nf3 Ng3 63.Bc6 Kg6 64.Be8+ Kh6
65.Ne5 Bf6 66.Nf3 Kg7 67.Bc6 Kf7 68.Bb7 Ke6 69.Nd2 Bd4+ 70.Kf3 Be3 71.Nc4 Bc1
72.Kg4 Kf6 73.Kxh4 Nf5+ 74.Kg4 Ne3+  1/2-1/2

[Event "23rd Jirasek Mem OpA"]
[Site "Rakovnik CZE"]
[Date "2011.08.10"]
[Round "6"]
[White "Haman,J"]
[Black "Klement,L"]
[Result "1/2-1/2"]
[WhiteElo "2146"]
[BlackElo "2234"]

1.e4 c5 2.Nf3 d6 3.d4 cxd4 4.Nxd4 Nf6 5.Nc3 a6 6.g3 e6 7.Bg2 Be7 8.O-O O-O
9.h3 Qc7 10.Be3 Bd7 11.a4 Nc6 12.Nxc6 Bxc6 13.a5 Nd7 14.Na4 Rad8 15.Nb6 f5
16.c4 Nc5 17.exf5 Bxg2 18.Kxg2 Rxf5 19.b4 Nd7 20.f4 Qc6+ 21.Qf3 Qxf3+ 22.Rxf3 Nxb6
23.Bxb6 Rc8 24.Rc1 d5 25.c5 Rc6 26.Re1 h5 27.Rfe3 Kf7 28.Kf3 g5 29.Re5 Rxe5
30.Rxe5 Bf6 31.Re3 Kg6 32.Ba7 gxf4 33.gxf4 Kf5 34.Bb8 h4 35.Be5 Rc8 36.Re2 Rg8
37.Rg2 Rd8 38.Bxf6 Kxf6 39.Ke3 Rd7 40.Rg1 Ke7 41.Rg8 Kf7 42.Rb8 Kf6 43.Kd4 Rg7
44.Rf8+ Ke7 45.Rh8 Kd7 46.Rxh4 Rf7 47.Rg4 Rf5 48.Ke3 Rh5 49.Rg7+ Kc6 50.Re7 Rxh3+
51.Kd4 Rh6 52.Ke5  1/2-1/2

[Event "22nd ch-NATO"]
[Site "Kaunas LTU"]
[Date "2011.08.11"]
[Round "5.21"]
[White "Tucker,D"]
[Black "Lustig,M"]
[Result "1-0"]
[WhiteElo "2096"]
[BlackElo "2019"]

1.e4 c5 2.Nf3 d6 3.d4 cxd4 4.Nxd4 Nf6 5.Nc3 a6 6.g3 e5 7.Nb3 Be6 8.Bg2 Be7
9.O-O O-O 10.Re1 b5 11.a4 b4 12.Nd5 Nxd5 13.exd5 Bf5 14.a5 Qc7 15.Be4 Bd7
16.Be3 f5 17.Bb6 Qc8 18.Bg2 f4 19.Nd4 Bg4 20.f3 Bd7 21.Qd2 Qe8 22.Ne2 Bf5
23.Qxb4  1-0

[Event "29th World Junior Girls"]
[Site "Chennai IND"]
[Date "2011.08.13"]
[Round "11.15"]
[White "Savetha,C"]
[Black "Eric,J"]
[Result "0-1"]
[WhiteElo "1992"]
[BlackElo "2282"]

1.e4 c5 2.Nf3 d6 3.d4 cxd4 4.Nxd4 Nf6 5.Nc3 a6 6.g3 e5 7.Nde2 Nbd7 8.Bg2 b5
9.h3 Bb7 10.g4 Nc5 11.Ng3 g6 12.O-O Be7 13.Bh6 b4 14.Bg7 Rg8 15.Bxf6 Bxf6
16.Nd5 Bh4 17.Nxb4 Rb8 18.Qf3 Ne6 19.c3 a5 20.Nd3 Qb6 21.Kh2 Ba6 22.Rfd1 Bxd3
23.Rxd3 Qxb2 24.Rdd1 Ke7 25.Qd3 Rgd8 26.Qe3 Qb6 27.Qxb6 Rxb6 28.Rab1 Rdb8
29.Rxb6 Rxb6 30.Rd5 Nc5 31.Rd2 a4 32.Nf1 Bg5 33.Re2 a3 34.Ne3 Bxe3 35.fxe3 Rb2
36.Bf3 Na4  0-1

[Event "6th Ptuj Open"]
[Site "Ptuj SLO"]
[Date "2011.08.18"]
[Round "9"]
[White "Gantar,J"]
[Black "Skuhala,Jernej"]
[Result "1-0"]
[WhiteElo "2175"]
[BlackElo "1773"]

1.e4 c5 2.Nf3 d6 3.d4 cxd4 4.Nxd4 Nf6 5.Nc3 a6 6.g3 b5 7.Bg2 Bb7 8.O-O g6
9.f4 b4 10.Nd5 Nxd5 11.exd5 Bg7 12.Be3 O-O 13.Qd2 a5 14.Rae1 Qc7 15.f5 Nd7
16.Bh6 Ne5 17.Bxg7 Kxg7 18.Kh1 Rac8 19.Qg5 Qc4 20.f6+ exf6 21.Nf5+ Kg8 22.Ne7+ Kg7
23.Qxf6+ Kh6 24.Rxe5  1-0

[Event "Stare Mesto FIDE Open"]
[Site "Stare Mesto CZE"]
[Date "2011.08.18"]
[Round "8"]
[White "Vecera,Pe"]
[Black "Dobes,V"]
[Result "1-0"]
[WhiteElo "1938"]
[BlackElo "2071"]

1.e4 c5 2.Nf3 d6 3.d4 cxd4 4.Nxd4 Nf6 5.Nc3 a6 6.g3 e6 7.Bg2 Be7 8.O-O O-O
9.Be3 Qc7 10.f4 Nc6 11.Qf3 Bd7 12.h3 Rac8 13.Rad1 Nxd4 14.Rxd4 b5 15.a3 Bc6
16.g4 d5 17.e5 Nd7 18.Qg3 f6 19.exf6 Bxf6 20.g5 Bxd4 21.Bxd4 a5 22.Nd1 b4
23.axb4 axb4 24.Ne3 Bb5 25.Rf2 Ra8 26.Qh4 Ra1+ 27.Kh2 b3 28.g6 hxg6 29.Nxd5 Qd8
30.Ne7+ Kf7 31.Be4 Nf6 32.Bxf6 gxf6 33.Qh7+ Ke8 34.Bxg6+ Kd7 35.Rd2+ Kc7
36.Rxd8 Kxd8 37.Ng8 Kc8 38.Qe7 Rd8 39.Qc5+ Kb8 40.Qxb5+ Ka7 41.Qc5+ Kb8 42.Qb6+ Kc8
43.Ne7+ Kd7 44.Qb7+ Kd6 45.Nc8+  1-0

[Event "31st Presolana Open"]
[Site "Presolana ITA"]
[Date "2011.08.20"]
[Round "1"]
[White "Smith,Bry"]
[Black "Angelini,M"]
[Result "1/2-1/2"]
[WhiteElo "2503"]
[BlackElo "2185"]

1.e4 c5 2.Nf3 d6 3.d4 cxd4 4.Nxd4 Nf6 5.Nc3 a6 6.g3 Nc6 7.Bg2 Nxd4 8.Qxd4 g6
9.O-O Bg7 10.Bg5 O-O 11.Qd2 Re8 12.h3 Rb8 13.Rad1 Qa5 14.a3 Nd7 15.Nd5 Qxd2
16.Rxd2 f6 17.Be3 b5 18.Nc7 Rf8 19.Ne6 Re8 20.Nc7 Rf8 21.Ne6 Re8 22.Nxg7 Kxg7
23.f4 Bb7 24.Bd4 Rec8 25.g4 Nc5 26.e5 Ne4 27.exf6+ exf6 28.Re2 Re8 29.g5 Kf7
30.gxf6 Nxf6 31.Rxe8 Nxe8 32.f5 g5 33.Rf2 Bxg2 34.Rxg2 h6 35.h4 Ng7 36.Bxg7 Kxg7
37.hxg5 hxg5 38.Rxg5+ Kf6 39.Rg6+ Ke5 40.Re6+ Kd5 41.Rf6 b4 42.a4 Rc8 43.Rf7 Rxc2
44.Rb7 Rc4 45.Kf2 Ke5 46.Ke3 b3 47.Rxb3 Rxa4  1/2-1/2

[Event "XVI Seahorse Open A"]
[Site "Rewal POL"]
[Date "2011.08.20"]
[Round "2.25"]
[White "Kubit,T"]
[Black "Reza,W"]
[Result "1-0"]
[WhiteElo "2178"]
[BlackElo "2026"]

1.e4 c5 2.Nf3 d6 3.d4 cxd4 4.Nxd4 Nf6 5.Nc3 a6 6.g3 e6 7.Bg2 Be7 8.O-O O-O
9.Be3 Qc7 10.Qe2 Bd7 11.Rad1 Nc6 12.Kh1 Rac8 13.f4 b5 14.a3 Na5 15.Bc1 Nc4
16.Rd3 Qb8 17.g4 Rfd8 18.g5 Ne8 19.f5 Ne5 20.Rh3 g6 21.Qf2 b4 22.axb4 Qxb4
23.Nf3 Nc4 24.Nh4 Ne5 25.fxg6  1-0

[Event "PK NBSB Open A"]
[Site "Roosendaal NED"]
[Date "2011.08.20"]
[Round "2"]
[White "Sprenger,J"]
[Black "Nabuurs,M"]
[Result "1-0"]
[WhiteElo "2515"]
[BlackElo "2189"]

1.e4 c5 2.Nf3 d6 3.d4 cxd4 4.Nxd4 Nf6 5.Nc3 a6 6.g3 e5 7.Nde2 Nbd7 8.Bg2 b5
9.O-O Be7 10.h3 O-O 11.g4 b4 12.Nd5 Nxd5 13.exd5 a5 14.Ng3 Nb6 15.a3 Ba6
16.Re1 Qc7 17.Nf5 g6 18.Nxe7+ Qxe7 19.axb4 axb4 20.Qd2 Bb7 21.Rxa8 Bxa8 22.Qxb4 Nxd5
23.Qb3 Nc7 24.Bh6 Rc8 25.Bxa8 Rxa8 26.Qb7 f6 27.Be3 Re8 28.Ra1 Ne6 29.Qd5 Rd8
30.b4 Qf7 31.Ra7 Rd7 32.b5 Rxa7 33.Bxa7 Nd8 34.Qxd6 Nb7 35.Qc6 h5 36.gxh5 gxh5
37.Be3 Qg7+ 38.Kh2 Qf7 39.c4 f5 40.Bg5 f4 41.Qf6 Qxc4 42.Qxe5 Nc5 43.b6 Qb5
44.b7 Qxb7 45.Qxc5 Qf3 46.Qc4+  1-0

[Event "XVI Seahorse Open A"]
[Site "Rewal POL"]
[Date "2011.08.24"]
[Round "5"]
[White "Kubit,T"]
[Black "Zochowski,K"]
[Result "0-1"]
[WhiteElo "2178"]
[BlackElo "1954"]

1.e4 c5 2.Nf3 d6 3.d4 cxd4 4.Nxd4 Nf6 5.Nc3 a6 6.g3 e6 7.Bg2 Qc7 8.O-O Be7
9.Be3 O-O 10.Qe2 Nc6 11.Rad1 Bd7 12.Kh1 b5 13.a3 Na5 14.f4 Nc4 15.Bc1 Rac8
16.Rd3 Rfe8 17.g4 g6 18.g5 Nh5 19.Qf2 Ng7 20.h4 e5 21.Nd5 Qd8 22.b3 exd4
23.bxc4 Rxc4 24.Bb2 Be6 25.Rxd4 Bxd5 26.Rxd5 Qc8 27.Rd2 d5 28.exd5 Bc5 29.Bd4 Bxd4
30.Rxd4 Rxc2 31.Rd2 Rxd2 32.Qxd2 Qg4 33.d6 Nf5 34.Rf3 Qxh4+ 35.Kg1 Qe1+ 36.Qxe1 Rxe1+
37.Kf2 Rd1 38.a4 b4 39.a5 Rxd6 40.Bf1 Rd2+ 41.Ke1 Ra2 42.Bxa6 Rxa5 43.Bc4 Rc5
44.Ba2 Nd4 45.Re3  0-1

[Event "Lion Cup"]
[Site "Lviv UKR"]
[Date "2011.09.03"]
[Round "7.4"]
[White "Badik,M"]
[Black "Dykun,O"]
[Result "1-0"]
[WhiteElo "1913"]
[BlackElo "2068"]

1.e4 c5 2.Nf3 d6 3.d4 cxd4 4.Nxd4 Nf6 5.Nc3 a6 6.g3 e5 7.Nde2 Be7 8.Bg2 Qc7
9.O-O b5 10.Bg5 Nbd7 11.Qd2 Bb7 12.Rfd1 h6 13.Bxf6 Nxf6 14.Nd5 Nxd5 15.exd5 O-O
16.a4 f5 17.axb5 axb5 18.Qb4 f4 19.gxf4 Qxc2 20.Qe4 Qc5 21.Rxa8 Bxa8 22.Rc1 Qb6
23.Qg6 Qd8 24.fxe5 dxe5 25.Qe6+ Kh8 26.Qxe5 Bf6 27.Qc7 Bxd5 28.Qxd8 Rxd8
29.Rd1 Bc4 30.Rxd8+ Bxd8 31.Bf1 Bf6 32.Nc3 Bxc3 33.Bxc4 bxc4 34.bxc3 g5 35.Kg2 Kg7
36.Kf3 Kf6 37.Ke4 h5 38.Kd4 Kf5 39.Kxc4 Kg4 40.Kd3 Kh3 41.c4 Kxh2 42.c5 Kg1
43.c6 h4 44.c7 h3 45.c8=Q h2 46.Qc1+ Kg2 47.Qxg5+ Kxf2 48.Qf4+ Kg2 49.Ke2 h1=Q
50.Qg4+ Kh2 51.Kf2  1-0

[Event "FIDE World Cup 2011"]
[Site "Khanty-Mansiysk RUS"]
[Date "2011.09.07"]
[Round "4.2"]
[White "Ivanchuk,V"]
[Black "Bu Xiangzhi"]
[Result "1/2-1/2"]
[WhiteElo "2768"]
[BlackElo "2675"]

1.e4 c5 2.Nf3 d6 3.d4 cxd4 4.Nxd4 Nf6 5.Nc3 a6 6.g3 e6 7.Bg2 Be7 8.O-O O-O
9.Be3 Qc7 10.f4 Nc6 11.a4 Re8 12.Nb3 Nd7 13.g4 b6 14.g5 Nb4 15.Rf2 Bb7 16.Qg4 Bf8
17.Raf1 g6 18.f5 Ne5 19.Qh3 Bg7 20.Bf4 Rad8 21.f6 Bf8 22.Qg3 Qc4 23.Nb1 Nbc6
24.Nc3 Nd4 25.Nxd4 Qxd4 26.h4 Rc8 27.Rd1 Qb4 28.Bc1 Rc4 29.Na2 Qc5 30.Be3 Qc7
31.Nc3 Rc8 32.Rd4 Rxd4 33.Bxd4 Qc4 34.Rd2 Qb4 35.b3 Nc6 36.Bf2 Ne5 37.Bd4 b5
38.axb5 axb5 39.Bf1 Qa5 40.Re2 Nc6 41.Bf2 Ne5 42.Bd4 Ba6 43.Rd2 Qa1 44.Kg2 b4
45.Bxa6 bxc3 46.Be2 Qa8 47.Bxc3 Qxe4+ 48.Kf1 h5 49.Bxe5 dxe5 50.Bd3 Qd5 51.Qg2 Qa5
52.Re2 Rd8 53.Re4 Qa1+ 54.Ke2 Bc5 55.Qf1 Qb2 56.Rc4 e4 57.Rxe4 Bd4 58.Qe1 Qa3
59.b4 Qa7 60.Qg3 Qb6 61.b5 Qc5 62.Qf4 e5 63.Qf3 Qb4 64.Kf1 Qd2 65.Qe2 Qc3
66.Qe1 Qc7 67.Qb4 Ba7 68.Ke2 Qb6 69.Qe1 Qc7 70.Kf3 Bd4 71.Qb4 Ra8 72.Qe7 Qc8
73.Ke2 Ra7 74.Qd6 Qh3 75.Rxd4 Qg2+ 76.Ke3 exd4+ 77.Kxd4 Qg4+ 78.Kc3 Qc8+
79.Bc4 Rd7 80.Qe5 Rc7 81.Qe4 Kh7 82.Kb3 Ra7 83.Qd4 Qc7 84.Bd3 Qa5 85.Qb4 Qa2+
86.Kc3 Qa1+ 87.Kd2 Qg1 88.Qf4 Qc5 89.Ke2 Qg1 90.Kd2 Rd7 91.Qc4 Qh2+ 92.Kc1 Qe5
93.Kd2 Qh2+ 94.Kc1 Qe5 95.Kd2  1/2-1/2

[Event "VII Ugra Governor's Cup"]
[Site "Khanty-Mansiysk RUS"]
[Date "2011.09.07"]
[Round "8"]
[White "Denisov,I"]
[Black "Zhigalko,S"]
[Result "0-1"]
[WhiteElo "2323"]
[BlackElo "2689"]

1.e4 c5 2.Nf3 d6 3.d4 cxd4 4.Nxd4 Nf6 5.Nc3 a6 6.g3 g6 7.Bg2 Bg7 8.O-O O-O
9.Nde2 Nc6 10.Nd5 Nd7 11.c3 Rb8 12.a4 Re8 13.f4 b5 14.axb5 axb5 15.Nd4 Nxd4
16.cxd4 Bb7 17.Ne3 Ra8 18.Rxa8 Qxa8 19.Qd3 Qa7 20.Rd1 Rc8 21.Nc2 Nf6 22.Ne3 e5
23.d5 exf4 24.gxf4 Nh5 25.Kh1 Nxf4 26.Qxb5 Ba6 27.Qb3 Nd3 28.Rxd3 Bxd3 29.Qd1 Qd4  0-1

[Event "2nd Zlatni Rat Open"]
[Site "Bol CRO"]
[Date "2011.09.12"]
[Round "4.1"]
[White "Saric,Ib"]
[Black "Brkic,A"]
[Result "1/2-1/2"]
[WhiteElo "2560"]
[BlackElo "2606"]

1.e4 c5 2.Nf3 d6 3.d4 cxd4 4.Nxd4 Nf6 5.Nc3 a6 6.g3 e5 7.Nde2 Nbd7 8.a4 b6
9.Nd5 Nxd5 10.Qxd5 Rb8 11.Nc3 Bb7 12.Qa2 Be7 13.Bc4 O-O 14.O-O Nf6 15.f3 b5
16.Bb3 b4 17.Nd5 Nxd5 18.Bxd5 Qb6+ 19.Rf2 Bxd5 20.Qxd5 Rfc8 21.Kg2 Qc6 22.Qb3 Rd8  1/2-1/2

[Event "ch-Euro Youth b14"]
[Site "Albena BUL"]
[Date "2011.09.15"]
[Round "5.19"]
[White "Nikolov,Ru"]
[Black "Shen,Y"]
[Result "0-1"]
[WhiteElo "1865"]
[BlackElo "2080"]

1.e4 c5 2.Nf3 d6 3.d4 cxd4 4.Nxd4 Nf6 5.Nc3 a6 6.g3 e5 7.Nde2 Be7 8.Bg2 O-O
9.O-O b5 10.h3 Bb7 11.g4 b4 12.Nd5 Nxd5 13.exd5 Nd7 14.Ng3 Re8 15.f4 Rc8
16.Be3 exf4 17.Bxf4 Bf6 18.Nf5 Be5 19.Kh1 Qc7 20.Bxe5 Rxe5 21.Qd2 Nb6 22.Qxb4 Bxd5
23.Bxd5 Nxd5 24.Qxd6 Qxd6 25.Nxd6 Rxc2 26.Rac1 Rxc1 27.Rxc1 g6 28.Rc8+ Kg7
29.Nc4 Re2 30.Rc6 Rc2 31.a4 Nf4  0-1

[Event "11th Josipa Ipavca Mem"]
[Site "Sentjur SLO"]
[Date "2011.09.15"]
[Round "2"]
[White "Kobold,Andrej"]
[Black "Plaskan,J"]
[Result "0-1"]
[WhiteElo "1888"]
[BlackElo "2108"]

1.e4 c5 2.Nf3 d6 3.d4 Nf6 4.Nc3 cxd4 5.Nxd4 a6 6.g3 g6 7.Bg2 Bg7 8.O-O O-O
9.h3 Bd7 10.Be3 Nc6 11.Nd5 Ne5 12.b3 Rc8 13.c4 b5 14.cxb5 Bxb5 15.Nxf6+ Bxf6
16.Nxb5 axb5 17.Rc1 Nd7 18.Qe2 Qa5 19.Rfd1 b4 20.Rxc8 Rxc8 21.Bd4 Bxd4 22.Rxd4 Rc1+
23.Kh2 Qc5 24.Rd2 Ne5 25.g4 Qc3 26.f4 g5 27.fxg5 Nc4 28.Rd5 Ne3 29.g6 hxg6  0-1

[Event "ch-Euro Youth b18"]
[Site "Albena BUL"]
[Date "2011.09.17"]
[Round "6.34"]
[White "Pavel,Se"]
[Black "Petrovski,I"]
[Result "0-1"]
[WhiteElo "1971"]
[BlackElo "2215"]

1.e4 c5 2.Nf3 d6 3.d4 cxd4 4.Nxd4 Nf6 5.Nc3 a6 6.g3 Nc6 7.Bg2 Bd7 8.O-O e6
9.Re1 Qc7 10.a4 Be7 11.Nb3 O-O 12.a5 b5 13.axb6 Qxb6 14.Be3 Qc7 15.Na4 Rab8
16.Nc1 Ne5 17.b3 Bc6 18.Bd4 Qb7 19.Qe2 Ned7 20.Nd3 Rfe8 21.h3 Bf8 22.Ra2 e5
23.Bc3 d5 24.exd5 Nxd5 25.Ba5 Nc3 26.Bxc3 Bxg2 27.Kh2 Bc6 28.Qd2 f6 29.Rea1 Qc8
30.Nab2 Ba8 31.Ne1 Nc5 32.Ba5 Qc6 33.f3 e4 34.f4 e3 35.Qg2 Qb5 36.Nf3 Ne4
37.Nc4 Nd2 38.Bxd2 exd2 39.Rf1 Rbd8 40.Raa1 Bb4 41.Rad1 Qf5 42.Ncxd2 Qxc2
43.Nc4 Qxg2+ 44.Kxg2 Rxd1 45.Rxd1 Re2+ 46.Kf1 Bxf3 47.Rd8+ Kf7 48.Rd3 Re1+
49.Kf2 Bc6 50.Nd6+ Kg6 51.f5+  0-1

[Event "TCh-NED Meesterklasse 2011-12"]
[Site "Netherlands NED"]
[Date "2011.09.17"]
[Round "1.3"]
[White "Sprenger,J"]
[Black "Van Kampen,R"]
[Result "1/2-1/2"]
[WhiteElo "2515"]
[BlackElo "2529"]

1.e4 c5 2.Nf3 d6 3.d4 cxd4 4.Nxd4 Nf6 5.Nc3 a6 6.g3 e5 7.Nde2 Be7 8.Bg2 O-O
9.O-O b5 10.h3 Bb7 11.g4 b4 12.Nd5 Nxd5 13.exd5 Nd7 14.Ng3 g6 15.a3 a5 16.Bh6 Re8
17.axb4 axb4 18.Qd2 Qb6 19.b3 Rxa1 20.Rxa1 Ra8 21.Rxa8+ Bxa8 22.Nf1 Qc5 23.Qd3 Bb7
24.Nd2 Qa5 25.Nc4 Qa6 26.Bf1 Nf6 27.Ne3 Qa5 28.Bg2 Qc5 29.Qe2 Bd8 30.Bg5 Ne4
31.Bxe4 Bxg5 32.Qd3 Kg7 33.Kg2 Bc8 34.Nf1 Bd7 35.Ng3 Qc8 36.Qf3 Bf4 37.Ne2 Bg5
38.Ng3 Be7 39.Kh2 Qc5 40.Bd3 Bc8 41.Bc4 Qd4 42.Kg2 Bb7 43.Ne2 Qd1 44.c3 bxc3
45.Nxc3 Qd4 46.Qe3 Bd8  1/2-1/2

[Event "Tatry Open"]
[Site "Tatranske Zruby SVK"]
[Date "2011.09.26"]
[Round "2.1"]
[White "Mrva,Mart"]
[Black "Vojtek,V"]
[Result "1/2-1/2"]
[WhiteElo "2470"]
[BlackElo "2311"]

1.e4 c5 2.Nf3 d6 3.d4 cxd4 4.Nxd4 Nf6 5.Nc3 a6 6.g3 e6 7.Bg2 Be7 8.O-O O-O
9.Be3 Qc7 10.g4 Nc6 11.g5 Nd7 12.f4 Nxd4 13.Qxd4 Re8 14.a4 Rb8 15.Bf2 b6
16.Rad1 b5 17.axb5 axb5 18.Qd3 Qc6 19.Ne2 Qc4  1/2-1/2

[Event "20th TCh-CRO 1a"]
[Site "Sibenik CRO"]
[Date "2011.10.04"]
[Round "1.2"]
[White "Movsesian,S"]
[Black "Naiditsch,A"]
[Result "0-1"]
[WhiteElo "2715"]
[BlackElo "2707"]

1.e4 c5 2.Nf3 d6 3.d4 cxd4 4.Nxd4 Nf6 5.Nc3 a6 6.g3 e5 7.Nb3 Be7 8.Bg2 Bg4
9.Bf3 Be6 10.O-O O-O 11.Re1 Nbd7 12.a4 Qc7 13.Nd2 Qc6 14.Nf1 b5 15.Ne3 bxa4
16.Rxa4 Rfb8 17.Ra3 Nc5 18.Ncd5 Bxd5 19.exd5 Qc7 20.b3 a5 21.Bd2 Nfe4 22.Bxa5 Rxa5
23.Rxa5 Qxa5 24.Nc4 Qc3 25.Bxe4 Ra8 26.Kg2 g6 27.Re3 Qb4 28.Bf3 Ra2 29.Qb1 Ra7
30.Qe1 Qxe1 31.Rxe1 Ra2 32.b4 Na4 33.Na5 Nc3 34.Nc6 Bg5 35.h4 Bd2 36.Rxe5 dxe5
37.d6 Be3 38.fxe3 Rxc2+ 39.Kf1 Rd2 40.Nxe5 Rxd6 41.Ke1 Kg7 42.Nc6 Rd3 43.Nd4 Nb1
44.Nc2 Rd2 45.Na3 Rb2 46.Nxb1 Rxb1+ 47.Kf2 Rxb4 48.Bd5 Rb5 49.Bc4 Rf5+ 50.Ke2 Kf6
51.Bb3 h6 52.Bc4 h5 53.Bd3 Ra5 54.Kf3 Ke5 55.Bc4 Ra7 56.Bd3 Ra4 57.Bb5 Rb4
58.Bd3 Kf6 59.Be4 Kg7 60.Bd3 f6 61.Be4 g5 62.hxg5 fxg5 63.Bd3 g4+ 64.Kf2 Rb2+
65.Kf1 Kf6 66.Be4 Kg5 67.Bc6 h4 68.gxh4+ Kxh4 69.e4 Kg3 70.e5 Rf2+  0-1

[Event "TCh-ISL Div1 2011-12"]
[Site "Reykjavik ISL"]
[Date "2011.10.07"]
[Round "1.2"]
[White "Ziska,H"]
[Black "Carstensen,J"]
[Result "1-0"]
[WhiteElo "2460"]
[BlackElo "2372"]

1.e4 c5 2.Nf3 d6 3.d4 Nf6 4.Nc3 cxd4 5.Nxd4 a6 6.g3 e5 7.Nb3 Be7 8.a4 O-O
9.Bg2 b6 10.O-O Bb7 11.Re1 Nbd7 12.Nd2 Qc7 13.Nf1 Rfd8 14.Ne3 g6 15.Qe2 Bf8
16.Rd1 Rac8 17.h3 Nc5 18.Ned5 Nxd5 19.Nxd5 Bxd5 20.exd5 Qd7 21.Bg5 Re8 22.b3 Bg7
23.Be3 Ra8 24.Qd2 Rec8 25.Qb4 Qc7 26.Bf1 f5 27.a5 b5 28.c4 bxc4 29.Bxc4 e4
30.Rac1 Rab8 31.Qa3 Qb7 32.b4 Nd3 33.Bxd3 exd3 34.Qxd3 Be5 35.Bb6 f4 36.Kg2 Qf7
37.Rc6 Rf8 38.Rc7 Qf6 39.Qf3 h5 40.Re1 Rf7 41.Rxf7 Qxf7 42.gxf4 Bxf4 43.Re6 Be5
44.Qe4 Kh7 45.f4 Bg7 46.Re7 Qf8 47.Bd4 Rxb4 48.Bxg7  1-0

[Event "20th TCh-CRO 1b"]
[Site "Sibenik CRO"]
[Date "2011.10.07"]
[Round "4.1"]
[White "Popovic,Du"]
[Black "Saric,Ib"]
[Result "1/2-1/2"]
[WhiteElo "2579"]
[BlackElo "2560"]

1.e4 c5 2.Nf3 d6 3.d4 cxd4 4.Nxd4 Nf6 5.Nc3 a6 6.g3 e5 7.Nb3 Be7 8.Bg2 O-O
9.O-O b5 10.a4 b4 11.Nd5 Nxd5 12.Qxd5 Ra7 13.Be3 Be6 14.Qd3 Rb7 15.a5 Qc8
16.Rfc1 Nd7 17.Bf1 Rb5 18.Qd1 Rb8 19.Qd3 Rb5 20.Qd1 Rb8 21.Qd3 Rb5 22.Qd1  1/2-1/2

[Event "Belgrade Premier League 2011"]
[Site "Belgrade SRB"]
[Date "2011.10.12"]
[Round "11.1"]
[White "Cetkovic,Mi"]
[Black "Ruzicic,S"]
[Result "1/2-1/2"]
[WhiteElo "2259"]
[BlackElo "1977"]

1.e4 c5 2.Nc3 d6 3.Nf3 Nf6 4.d4 cxd4 5.Nxd4 a6 6.g3 g6 7.Bg2 Bg7 8.O-O O-O
9.h3 Qc7 10.Bg5 e6 11.Qd2 Re8  1/2-1/2